[Event "6MCR_4D_1L_1S"]
[Site "?"]
[Date "2004.??.??"]
[Round "?"]
[White "Janous, Petr"]
[Black "Hostinsky, Jiri"]
[Result "1-0"]
[WhiteElo "2270"]
[BlackElo "2412"]
[PlyCount "77"]
[EventDate "2004.??.??"]
[EventType "corr"]
[SourceDate "2004.06.03"]

1. e4 c5 2. Nf3 Nc6 3. d4 cxd4 4. Nxd4 Nf6 5. Nc3 d6 6. Bg5 e6 7. Qd2 Be7 8.
O-O-O O-O 9. f4 Nxd4 10. Qxd4 Qa5 11. Bc4 Bd7 12. e5 dxe5 13. fxe5 Bc6 14. Bd2
Nd7 15. Nd5 Qd8 16. Nxe7+ Qxe7 17. Rhe1 Rfd8 18. Qg4 Nf8 19. Bd3 Rd5 20. Bb4
Qd8 21. Bd6 Ng6 22. Kb1 f5 23. Qb4 Rxd3 24. Rxd3 Bxg2 25. Rd4 f4 26. Rg1 Bc6
27. Qc4 Qe8 28. h4 Nxh4 29. Rxf4 Bd5 30. Qc7 Ng6 31. Rf8+ Qxf8 32. Bxf8 Rxf8
33. c4 Bc6 34. b4 a6 35. a4 h5 36. Ka1 Rf7 37. Qd8+ Nf8 38. b5 axb5 39. axb5
1-0

[Event "6MCR_4D_1L_1S"]
[Site "?"]
[Date "2004.??.??"]
[Round "?"]
[White "Janous, Petr"]
[Black "Hybl, Vladislav"]
[Result "1/2-1/2"]
[WhiteElo "2270"]
[BlackElo "2309"]
[PlyCount "69"]
[EventDate "2004.??.??"]
[EventType "corr"]
[SourceDate "2004.06.03"]

1. e4 e6 2. d4 d5 3. Nd2 dxe4 4. Nxe4 Nd7 5. Nf3 Ngf6 6. Nxf6+ Nxf6 7. Bd3 c5
8. O-O cxd4 9. Nxd4 Bc5 10. Be3 Bb6 11. Bb5+ Bd7 12. Qe2 O-O 13. Rad1 Nd5 14.
Bxd7 Qxd7 15. Bc1 Rfe8 16. c4 Nf6 17. Be3 Qe7 18. Rd3 Red8 19. Rfd1 h6 20. Nf3
Rxd3 21. Rxd3 Bxe3 22. Qxe3 Rd8 23. h3 Rxd3 24. Qxd3 e5 25. Qc3 e4 26. Nd2 Qd6
27. b4 Kf8 28. a4 a6 29. b5 Qc5 30. Nb3 Qd6 31. c5 Qd1+ 32. Kh2 axb5 33. axb5
Qd3 34. Qb4 Nd5 35. Qa4 1/2-1/2

[Event "6MCR_4D_1L_1S"]
[Site "?"]
[Date "2004.??.??"]
[Round "?"]
[White "Janous, Petr"]
[Black "Jandek, Stefan"]
[Result "0-1"]
[WhiteElo "2270"]
[BlackElo "2377"]
[PlyCount "68"]
[EventDate "2004.??.??"]
[EventType "corr"]
[SourceDate "2004.06.03"]

1. e4 e5 2. Nf3 Nc6 3. Bb5 a6 4. Bxc6 dxc6 5. O-O Qd6 6. Na3 Be6 7. Qe2 f6 8.
Rd1 O-O-O 9. Nc4 Qe7 10. d3 g5 11. b3 Qe8 12. Qe3 Kb8 13. Bb2 g4 14. Ne1 h5 15.
d4 exd4 16. Rxd4 Rxd4 17. Bxd4 Rh7 18. e5 f5 19. Bc5 Bh6 20. Qc3 Ne7 21. Bxe7
Rxe7 22. Nd3 h4 23. Nc5 Bc8 24. Qb4 Ka7 25. Nd3 h3 26. g3 b6 27. Qe1 c5 28. f3
gxf3 29. Qf2 f4 30. Rd1 Rg7 31. Nd2 fxg3 32. hxg3 h2+ 33. Kh1 Bxd2 34. Rxd2 Bb7
0-1

[Event "6MCR_4D_1L_1S"]
[Site "?"]
[Date "2004.??.??"]
[Round "?"]
[White "Janous, Petr"]
[Black "Kolar, Pavel"]
[Result "1-0"]
[WhiteElo "2270"]
[BlackElo "2283"]
[PlyCount "57"]
[EventDate "2004.??.??"]
[EventType "corr"]
[SourceDate "2004.06.03"]

1. e4 e6 2. d4 d5 3. Nc3 Bb4 4. e5 c5 5. a3 Bxc3+ 6. bxc3 Ne7 7. Qg4 Qc7 8.
Qxg7 Rg8 9. Qxh7 cxd4 10. Ne2 Nbc6 11. f4 Bd7 12. Qd3 dxc3 13. Nxc3 a6 14. Bd2
Rc8 15. h4 Nf5 16. Rh3 Na5 17. h5 Nc4 18. h6 Bc6 19. Ne4 dxe4 20. Qxc4 e3 21.
Bb4 b5 22. h7 Rh8 23. Qc5 Be4 24. Qxc7 Rxc7 25. c3 f6 26. g4 fxe5 27. gxf5 exf4
28. fxe6 f3 29. Rd1 1-0

[Event "6MCR_4D_1L_1S"]
[Site "?"]
[Date "2004.??.??"]
[Round "?"]
[White "Janous, Petr"]
[Black "Mezera, Lukas"]
[Result "1/2-1/2"]
[WhiteElo "2270"]
[BlackElo "2258"]
[PlyCount "93"]
[EventDate "2004.??.??"]
[EventType "corr"]
[SourceDate "2004.06.03"]

1. e4 e5 2. Nf3 Nf6 3. Nxe5 d6 4. Nf3 Nxe4 5. d4 d5 6. Bd3 Nc6 7. O-O Be7 8.
Re1 Bg4 9. c3 f5 10. Qb3 O-O 11. Nbd2 Na5 12. Qa4 Nc6 13. Bb5 Bh4 14. g3 Bf6
15. Bxc6 bxc6 16. Qxc6 Re8 17. Ne5 Bxe5 18. dxe5 Ng5 19. c4 d4 20. h4 Ne6 21.
Nf3 h6 22. Nh2 Bh5 23. Nf1 Rb8 24. b3 Qe7 25. Qg2 Qf7 26. f3 Rbd8 27. f4 c5 28.
Rb1 Rb8 29. Bd2 Re7 30. a3 Reb7 31. b4 Qg6 32. b5 Qf7 33. a4 Nc7 34. Rec1 Qg6
35. a5 a6 36. Bb4 cxb4 37. b6 Rxb6 38. axb6 Qxb6 39. c5 Qb5 40. Qc2 Be2 41.
Rxb4 Qxb4 42. Qxe2 Qa3 43. Qc4+ Kf8 44. Rd1 Rb4 45. Qc2 g6 46. Qg2 Qa4 47. Qe2
1/2-1/2

[Event "6MCR_4D_1L_1S"]
[Site "?"]
[Date "2004.??.??"]
[Round "?"]
[White "Kolar, Pavel"]
[Black "Boukal, Petr"]
[Result "0-1"]
[WhiteElo "2283"]
[BlackElo "2416"]
[PlyCount "66"]
[EventDate "2004.??.??"]
[EventType "corr"]
[SourceDate "2004.06.03"]

1. e4 e6 2. d4 d5 3. Nd2 Be7 4. Ngf3 Nf6 5. e5 Nfd7 6. c3 c5 7. Bd3 Nc6 8. O-O
g5 9. dxc5 g4 10. Nd4 Ndxe5 11. Bb5 Bd7 12. N2b3 h5 13. Re1 Nxd4 14. Nxd4 Bxb5
15. Rxe5 Qc7 16. Bf4 Qxc5 17. Be3 Qc4 18. b3 Qd3 19. Nxb5 Qxb5 20. Bd4 Qd7 21.
Qd3 h4 22. f4 gxf3 23. Qxf3 f6 24. Rh5 O-O-O 25. Rxh8 Rxh8 26. Bxa7 h3 27. g3
Qc6 28. Bf2 Kb8 29. Re1 e5 30. Kf1 Rc8 31. g4 Qxc3 32. Qxd5 Qc2 33. Qf3 Bb4 0-1

[Event "6MCR_4D_1L_1S"]
[Site "?"]
[Date "2004.??.??"]
[Round "?"]
[White "Kolar, Pavel"]
[Black "Hybl, Vladislav"]
[Result "1/2-1/2"]
[WhiteElo "2283"]
[BlackElo "2416"]
[PlyCount "93"]
[EventDate "2004.??.??"]
[EventType "corr"]
[SourceDate "2004.06.03"]

1. e4 c5 2. Nf3 Nc6 3. d4 cxd4 4. Nxd4 Nf6 5. Nc3 e5 6. Ndb5 d6 7. Bg5 a6 8.
Na3 b5 9. Bxf6 gxf6 10. Nd5 f5 11. Bd3 Be6 12. c3 Bg7 13. Nxb5 axb5 14. Bxb5
Bd7 15. exf5 O-O 16. Qg4 Kh8 17. O-O Rb8 18. a4 Rg8 19. Rfd1 Bf8 20. Qe4 Ne7
21. Bxd7 Nxd5 22. Qxd5 Qxd7 23. b4 Qxf5 24. a5 Qd7 25. a6 Qa7 26. b5 Rb6 27. c4
f5 28. Ra5 Bg7 29. Qe6 Qc7 30. g3 Ra8 31. Qd5 Qc8 32. a7 Bf6 33. Rda1 Be7 34.
Ra6 Rb7 35. Rc6 Qg8 36. Rxd6 Qxd5 37. Rxd5 Kg7 38. c5 Rbxa7 39. Rxa7 Rxa7 40.
c6 Ra1+ 41. Kg2 Rc1 42. Rxe5 Kf6 43. Re2 Bd6 44. Kh3 Rb1 45. Rc2 Bc7 46. Rd2
Rxb5 47. Rd7 1/2-1/2

[Event "6MCR_4D_1L_1S"]
[Site "?"]
[Date "2004.??.??"]
[Round "?"]
[White "Kolar, Pavel"]
[Black "Jandek, Stefan"]
[Result "1/2-1/2"]
[WhiteElo "2283"]
[BlackElo "2377"]
[PlyCount "43"]
[EventDate "2004.??.??"]
[EventType "corr"]
[SourceDate "2004.06.03"]

1. e4 e5 2. Nf3 Nc6 3. Bb5 a6 4. Ba4 Nf6 5. O-O Be7 6. Re1 b5 7. Bb3 d6 8. c3
O-O 9. h3 Na5 10. Bc2 c5 11. d4 Qc7 12. Nbd2 cxd4 13. cxd4 Nc6 14. Nb3 a5 15.
Be3 a4 16. Nbd2 Bd7 17. Rc1 Qb7 18. Qe2 Rfe8 19. Bd3 Rab8 20. dxe5 dxe5 21. a3
Be6 22. Ng5 1/2-1/2

[Event "6MCR_4D_1L_1S"]
[Site "?"]
[Date "2004.??.??"]
[Round "?"]
[White "Kolar, Pavel"]
[Black "Lounek, Jan"]
[Result "0-1"]
[WhiteElo "2283"]
[BlackElo "2365"]
[PlyCount "72"]
[EventDate "2004.??.??"]
[EventType "corr"]
[SourceDate "2004.06.03"]

1. e4 c5 2. Nf3 d6 3. d4 cxd4 4. Nxd4 Nf6 5. Nc3 a6 6. Be3 e6 7. f3 b5 8. g4
Nfd7 9. Qd2 Nb6 10. O-O-O Bb7 11. Bg5 Qc8 12. Bd3 N8d7 13. Kb1 Nc4 14. Bxc4
Qxc4 15. Rhe1 Ne5 16. h3 h6 17. Bh4 Qc5 18. f4 Nc4 19. Qd3 g5 20. Nb3 Qc7 21.
Bg3 Bg7 22. f5 Rc8 23. Bxd6 Nxb2 24. Bxc7 Nxd3 25. Rxd3 Rxc7 26. e5 O-O 27. Nd4
Re8 28. f6 Bf8 29. Ne4 Rec8 30. Ree3 Kh7 31. Kb2 Kg6 32. Nd2 a5 33. c3 Ba6 34.
Ne4 b4 35. Rd1 Rd7 36. Kc2 a4 0-1

[Event "6MCR_4D_1L_1S"]
[Site "?"]
[Date "2004.??.??"]
[Round "?"]
[White "Kolar, Pavel"]
[Black "Mezera, Lukas"]
[Result "1-0"]
[WhiteElo "2283"]
[BlackElo "2258"]
[PlyCount "101"]
[EventDate "2004.??.??"]
[EventType "corr"]
[SourceDate "2004.06.03"]

1. e4 c5 2. Nf3 d6 3. d4 cxd4 4. Nxd4 Nf6 5. Nc3 g6 6. Be3 Bg7 7. f3 O-O 8. Qd2
Nc6 9. Bc4 Bd7 10. O-O-O Rc8 11. Bb3 Ne5 12. h4 h5 13. Bg5 Rc5 14. f4 Nc4 15.
Qd3 Ng4 16. Bxc4 Nf2 17. Qe2 Nxh1 18. Bb3 a5 19. Qe3 a4 20. Nxa4 Bxa4 21. Bxa4
Rc4 22. Bb3 Bxd4 23. Rxd4 Rxd4 24. Qxd4 Kh7 25. f5 Qa5 26. Kd1 Qb5 27. Bc4 Qc6
28. Bd5 Qb5 29. c4 Qe8 30. b3 e6 31. Bxb7 Qd7 32. Qf6 Rg8 33. Bc6 Qa7 34. fxe6
Qxa2 35. Qxf7+ Rg7 36. Qf3 Nf2+ 37. Ke1 Ng4 38. e7 Qa1+ 39. Qd1 Qc3+ 40. Qd2
Qa1+ 41. Qc1 Qxc1+ 42. Bxc1 Rxe7 43. Bf4 Ne5 44. Bxe5 Rxe5 45. b4 Kg7 46. b5
Rc5 47. Bd5 Kf6 48. Kd2 Rc8 49. b6 Ke5 50. b7 Rf8 51. Kc3 1-0

[Event "6MCR_4D_1L_1S"]
[Site "?"]
[Date "2004.??.??"]
[Round "?"]
[White "Kolar, Pavel"]
[Black "Soudny, Jiri"]
[Result "1/2-1/2"]
[WhiteElo "2283"]
[BlackElo "2277"]
[PlyCount "34"]
[EventDate "2004.??.??"]
[EventType "corr"]
[SourceDate "2004.06.03"]

1. e4 e6 2. d4 d5 3. Nd2 Nf6 4. e5 Nfd7 5. f4 c5 6. c3 Nc6 7. Ndf3 cxd4 8. cxd4
Qb6 9. g3 Be7 10. Bh3 O-O 11. Ne2 f6 12. Bxe6+ Kh8 13. exf6 Nxf6 14. Bxc8 Raxc8
15. O-O Ne4 16. b3 Rfe8 17. Rb1 Nb4 1/2-1/2

[Event "6MCR_4D_1L_1S"]
[Site "?"]
[Date "2004.??.??"]
[Round "?"]
[White "Lounek, Jan"]
[Black "Boukal, Petr"]
[Result "1/2-1/2"]
[WhiteElo "2365"]
[BlackElo "2416"]
[PlyCount "69"]
[EventDate "2004.??.??"]
[EventType "corr"]
[SourceDate "2004.06.03"]

1. e4 e6 2. d4 d5 3. Nd2 Nc6 4. Ngf3 Nf6 5. e5 Nd7 6. Nb3 a5 7. a4 Be7 8. Bb5
Na7 9. Be2 b6 10. O-O c5 11. c3 O-O 12. Be3 Nc6 13. Rc1 Bb7 14. Qc2 cxd4 15.
cxd4 Rc8 16. Qb1 f6 17. exf6 Nxf6 18. Nbd2 Bb4 19. Bd3 h6 20. Bb5 Ne8 21. b3
Bd6 22. Rfe1 Ne7 23. Rxc8 Bxc8 24. Bd3 Nc6 25. Nf1 Bd7 26. Qd1 Nf6 27. Bc1 Nh5
28. Bb1 Nf4 29. Ng3 Nb4 30. Ne5 Bxe5 31. dxe5 Qh4 32. Be3 b5 33. Bb6 Ra8 34.
Nf1 bxa4 35. bxa4 1/2-1/2

[Event "6MCR_4D_1L_1S"]
[Site "?"]
[Date "2004.??.??"]
[Round "?"]
[White "Lounek, Jan"]
[Black "Hala, Martin"]
[Result "1-0"]
[WhiteElo "2365"]
[BlackElo "2372"]
[PlyCount "101"]
[EventDate "2004.??.??"]
[EventType "corr"]
[SourceDate "2004.06.03"]

1. e4 e5 2. Nf3 Nc6 3. Bb5 f5 4. Nc3 fxe4 5. Nxe4 d5 6. Nxe5 dxe4 7. Nxc6 Qg5
8. Qe2 Nf6 9. f4 Qxf4 10. Ne5+ c6 11. d4 Qh4+ 12. g3 Qh3 13. Bc4 Be6 14. Bg5
O-O-O 15. O-O-O Bd6 16. Nf7 Bxf7 17. Bxf7 Rhf8 18. Bc4 Rde8 19. Rhf1 h6 20.
Bxf6 Rxf6 21. Bf7 Rxf1 22. Qxf1 Qxf1 23. Rxf1 Re7 24. Kd2 e3+ 25. Ke2 Kc7 26.
c3 c5 27. a3 b5 28. Bg6 Kc6 29. Kd3 c4+ 30. Ke2 Bc7 31. Rf5 a6 32. a4 Bd8 33.
Bf7 Kb6 34. Bd5 Bc7 35. axb5 axb5 36. Rf1 h5 37. b3 cxb3 38. Rb1 Bd6 39. Rxb3
h4 40. c4 hxg3 41. Rxb5+ Kc7 42. c5 gxh2 43. cxd6+ Kxd6 44. Bf3 Ra7 45. Be4
Ra2+ 46. Kxe3 Ra3+ 47. Kf2 Rd3 48. Rd5+ Ke6 49. Ke2 Rh3 50. Re5+ Kf6 51. Rf5+
1-0

[Event "6MCR_4D_1L_1S"]
[Site "?"]
[Date "2004.??.??"]
[Round "?"]
[White "Lounek, Jan"]
[Black "Janous, Petr"]
[Result "1-0"]
[WhiteElo "2365"]
[BlackElo "2270"]
[PlyCount "113"]
[EventDate "2004.??.??"]
[EventType "corr"]
[SourceDate "2004.06.03"]

1. e4 c5 2. Nf3 d6 3. d4 cxd4 4. Nxd4 Nf6 5. Nc3 a6 6. Be3 e6 7. f3 b5 8. g4 h6
9. Qd2 Nbd7 10. O-O-O Bb7 11. h4 b4 12. Na4 Qa5 13. b3 Nc5 14. a3 Rc8 15. Qxb4
Qc7 16. Nxc5 dxc5 17. Qa4+ Nd7 18. Ne2 c4 19. Bf4 Qc6 20. Kb2 Qxa4 21. bxa4 Be7
22. Be3 Ne5 23. Rh3 Bd8 24. Nc3 Ba5 25. Be2 O-O 26. f4 Ng6 27. h5 Rb8 28. Bd2
Bxe4+ 29. Kc1 Bg2 30. Rg3 Nh4 31. Bxc4 Bf3 32. Ne2 Bb6 33. Bxa6 Bf2 34. Rh3
Bxg4 35. Rh2 Bc5 36. Bb4 Be3+ 37. Kb2 Nf5 38. Rd3 Bxe2 39. Rxe2 Bxf4 40. Ka2
Rfe8 41. a5 Ng3 42. Rh2 Ne4 43. Rh4 e5 44. Rd7 Nf6 45. Rb7 Bg3 46. Rh3 Bf2 47.
c4 e4 48. c5 Rxb7 49. Bxb7 e3 50. Rf3 Bg1 51. Rf1 Bh2 52. a6 Bb8 53. Bf3 Nd7
54. Bc6 e2 55. Re1 Re7 56. Bxd7 Rxd7 57. Rxe2 1-0

[Event "6MCR_4D_1L_1S"]
[Site "?"]
[Date "2004.??.??"]
[Round "?"]
[White "Lounek, Jan"]
[Black "Soudny, Jiri"]
[Result "1/2-1/2"]
[WhiteElo "2365"]
[BlackElo "2277"]
[PlyCount "36"]
[EventDate "2004.??.??"]
[EventType "corr"]
[SourceDate "2004.06.03"]

1. e4 e6 2. d4 d5 3. Nd2 Nf6 4. e5 Nfd7 5. c3 c5 6. Bd3 Nc6 7. Ngf3 g6 8. h4
Qb6 9. h5 g5 10. Nxg5 cxd4 11. cxd4 Qxd4 12. Ndf3 Qb4+ 13. Bd2 Qxb2 14. Rb1
Qxa2 15. Ra1 Qb2 16. Rb1 Qa2 17. Ra1 Qb2 18. Rb1 Qa2 1/2-1/2

[Event "6MCR_4D_1L_1S"]
[Site "?"]
[Date "2004.??.??"]
[Round "?"]
[White "Lounek, Jan"]
[Black "Straka, Zdenek"]
[Result "1/2-1/2"]
[WhiteElo "2365"]
[BlackElo "2395"]
[PlyCount "48"]
[EventDate "2004.??.??"]
[EventType "corr"]
[SourceDate "2004.06.03"]

1. e4 e5 2. Nf3 Nc6 3. Bb5 a6 4. Ba4 Nf6 5. O-O Be7 6. Re1 b5 7. Bb3 d6 8. c3
O-O 9. h3 Bb7 10. d4 Re8 11. Nbd2 Bf8 12. d5 Nb8 13. Nf1 Nbd7 14. Ng3 h6 15.
Nf5 Kh7 16. Bc2 g6 17. Ne3 c6 18. dxc6 Bxc6 19. Bb3 Qe7 20. Nd5 Nxd5 21. Bxd5
Bxd5 22. Qxd5 Nf6 23. Qb3 Qb7 24. Nd2 Bg7 1/2-1/2

[Event "6MCR_4D_1L_1S"]
[Site "?"]
[Date "2004.??.??"]
[Round "?"]
[White "Lounek, Jan"]
[Black "Vosahlik, Jiri"]
[Result "1/2-1/2"]
[WhiteElo "2365"]
[BlackElo "2330"]
[PlyCount "65"]
[EventDate "2004.??.??"]
[EventType "corr"]
[SourceDate "2004.06.03"]

1. e4 e6 2. d4 d5 3. Nd2 c5 4. Ngf3 cxd4 5. exd5 Qxd5 6. Bc4 Qd6 7. O-O Nf6 8.
Nb3 Nc6 9. Nbxd4 Nxd4 10. Nxd4 a6 11. Bb3 Qc7 12. Qf3 Bd6 13. Kh1 O-O 14. Bg5
Nd7 15. c3 Ne5 16. Qh5 Ng6 17. Bc2 h6 18. Be3 Nf4 19. Qf3 Nd5 20. Bd2 Rd8 21.
Rad1 b5 22. Qe4 Nf6 23. Qh4 Be7 24. Rfe1 Bb7 25. Bf4 Qc4 26. Bb3 Qc5 27. Qh3
Bd5 28. Kg1 Bd6 29. Bxd5 Nxd5 30. Bc1 Rac8 31. a3 Bb8 32. Qh5 Nf6 33. Qxc5
1/2-1/2

[Event "6MCR_4D_1L_1S"]
[Site "?"]
[Date "2004.??.??"]
[Round "?"]
[White "Mezera, Lukas"]
[Black "Boukal, Petr"]
[Result "1/2-1/2"]
[WhiteElo "2258"]
[BlackElo "2416"]
[PlyCount "35"]
[EventDate "2004.??.??"]
[EventType "corr"]
[SourceDate "2004.06.03"]

1. e4 e6 2. d4 d5 3. Nd2 Be7 4. Bd3 c5 5. dxc5 Nf6 6. Qe2 O-O 7. Ngf3 a5 8. O-O
Na6 9. exd5 exd5 10. Nb3 Nxc5 11. Nxc5 Bxc5 12. Bg5 h6 13. Bxf6 Qxf6 14. c3 Bg4
15. Qe5 Qxe5 16. Nxe5 Be6 17. Nf3 Bd7 18. Rfe1 1/2-1/2

[Event "6MCR_4D_1L_1S"]
[Site "?"]
[Date "2004.??.??"]
[Round "?"]
[White "Mezera, Lukas"]
[Black "Hala, Martin"]
[Result "1/2-1/2"]
[WhiteElo "2258"]
[BlackElo "2372"]
[PlyCount "45"]
[EventDate "2004.??.??"]
[EventType "corr"]
[SourceDate "2004.06.03"]

1. e4 e5 2. Nf3 Nc6 3. Bb5 f5 4. Nc3 fxe4 5. Nxe4 d5 6. Nxe5 dxe4 7. Nxc6 Qg5
8. Qe2 Nf6 9. f4 Qxf4 10. Ne5+ c6 11. d4 Qh4+ 12. g3 Qh3 13. Bc4 Be6 14. Bf4
Bd6 15. O-O-O O-O-O 16. Kb1 Rhe8 17. Rhf1 Re7 18. a4 Bc7 19. a5 Bxc4 20. Nxc4
Bxf4 21. Rxf4 Qe6 22. a6 b6 23. Ne3 1/2-1/2

[Event "6MCR_4D_1L_1S"]
[Site "?"]
[Date "2004.??.??"]
[Round "?"]
[White "Mezera, Lukas"]
[Black "Hybl, Vladislav"]
[Result "1-0"]
[WhiteElo "2258"]
[BlackElo "2309"]
[PlyCount "79"]
[EventDate "2004.??.??"]
[EventType "corr"]
[SourceDate "2004.06.03"]

1. e4 e5 2. Nf3 Nc6 3. Bb5 a6 4. Ba4 Nf6 5. O-O Be7 6. Re1 b5 7. Bb3 O-O 8. c3
d6 9. h3 Bb7 10. d4 Re8 11. Nbd2 Bf8 12. a4 h6 13. Bc2 exd4 14. cxd4 Nb4 15.
Bb1 c5 16. d5 Nd7 17. Ra3 f5 18. Nh2 Nf6 19. Rf3 Re5 20. Rxf5 Rxf5 21. exf5
Bxd5 22. Ng4 Bf7 23. Ne4 Nxg4 24. Qxg4 d5 25. f6 dxe4 26. fxg7 Bxg7 27. Bxh6
Qf6 28. Qxe4 Bd5 29. Qh7+ Kf8 30. Bxg7+ Qxg7 31. Qf5+ Qf7 32. Qe5 Nc6 33. Qd6+
Ne7 34. Re5 Rc8 35. Rf5 Rc6 36. Rxf7+ Bxf7 37. Qd8+ Be8 38. g4 Re6 39. Qd2 c4
40. f4 1-0

[Event "6MCR_4D_1L_1S"]
[Site "?"]
[Date "2004.??.??"]
[Round "?"]
[White "Mezera, Lukas"]
[Black "Lounek, Jan"]
[Result "1/2-1/2"]
[WhiteElo "2258"]
[BlackElo "2365"]
[PlyCount "69"]
[EventDate "2004.??.??"]
[EventType "corr"]
[SourceDate "2004.06.03"]

1. Nf3 c5 2. c4 Nf6 3. Nc3 e6 4. g3 b6 5. Bg2 Bb7 6. O-O Be7 7. Re1 d6 8. e4 a6
9. d4 cxd4 10. Nxd4 Qc7 11. Be3 Nbd7 12. f4 Rc8 13. Rc1 Qb8 14. Qe2 Qa8 15. Bf2
O-O 16. g4 h6 17. Rcd1 g6 18. Bg3 e5 19. Nb3 Qb8 20. Nd2 exf4 21. Bxf4 Kg7 22.
h3 Ne5 23. b3 Rfe8 24. Rf1 b5 25. Kh1 Nfd7 26. Qe3 Bg5 27. Bxg5 hxg5 28. Qxg5
bxc4 29. bxc4 Nxc4 30. Nxc4 Rxc4 31. Qf4 Rxc3 32. Qxf7+ Kh8 33. Qxd7 Bxe4 34.
Bxe4 Rxe4 35. Rf7 1/2-1/2

[Event "6MCR_4D_1L_1S"]
[Site "?"]
[Date "2004.??.??"]
[Round "?"]
[White "Mezera, Lukas"]
[Black "Soudny, Jiri"]
[Result "1/2-1/2"]
[WhiteElo "2258"]
[BlackElo "2277"]
[PlyCount "54"]
[EventDate "2004.??.??"]
[EventType "corr"]
[SourceDate "2004.06.03"]

1. Nf3 Nf6 2. c4 g6 3. d4 Bg7 4. Nc3 O-O 5. e4 d6 6. Be2 e5 7. O-O Nc6 8. d5
Ne7 9. b4 Nh5 10. Re1 f5 11. Ng5 Nf6 12. Bf3 c6 13. Be3 cxd5 14. cxd5 h6 15.
Ne6 Bxe6 16. dxe6 fxe4 17. Nxe4 Nxe4 18. Bxe4 d5 19. Bc2 b6 20. Qg4 e4 21. Rad1
Qc7 22. Bb3 Rf5 23. Rd2 Qc3 24. Qd1 Raf8 25. g4 Re5 26. b5 Qb4 27. a4 Kh7
1/2-1/2

[Event "6MCR_4D_1L_1S"]
[Site "?"]
[Date "2004.??.??"]
[Round "?"]
[White "Mezera, Lukas"]
[Black "Straka, Zdenek"]
[Result "0-1"]
[WhiteElo "2260"]
[BlackElo "2395"]
[PlyCount "74"]
[EventDate "2004.??.??"]
[EventType "corr"]
[SourceDate "2004.06.03"]

1. Nf3 d5 2. d4 e6 3. c4 c6 4. Nc3 dxc4 5. a4 Bb4 6. e3 b5 7. Bd2 a5 8. axb5
Bxc3 9. Bxc3 cxb5 10. b3 Bb7 11. bxc4 b4 12. Bb2 Nf6 13. Bd3 Nbd7 14. O-O O-O
15. Qc2 Qc7 16. e4 e5 17. Rfe1 Rfe8 18. c5 exd4 19. Bxd4 h6 20. h3 Bc6 21. e5
Nd5 22. e6 Rxe6 23. Rxe6 fxe6 24. Bh7+ Kh8 25. Bxg7+ Kxg7 26. Qg6+ Kh8 27. Qxh6
Nf8 28. Bf5+ Nh7 29. Bxh7 Qxh7 30. Qxe6 Ne7 31. Ne5 Qg7 32. g4 Bd5 33. Qxe7
Qxe7 34. Ng6+ Kh7 35. Nxe7 Be4 36. Re1 a4 37. Rxe4 a3 0-1

[Event "6MCR_4D_1L_1S"]
[Site "?"]
[Date "2004.??.??"]
[Round "?"]
[White "Soudny, Jiri"]
[Black "Hala, Martin"]
[Result "1-0"]
[WhiteElo "2277"]
[BlackElo "2372"]
[PlyCount "71"]
[EventDate "2004.??.??"]
[EventType "corr"]
[SourceDate "2004.06.03"]

1. d4 Nf6 2. c4 g6 3. Nc3 Bg7 4. e4 d6 5. Nf3 O-O 6. Be2 e5 7. O-O Nc6 8. d5
Ne7 9. b4 Ne8 10. Nd2 f5 11. c5 Nf6 12. f3 f4 13. Nc4 g5 14. Ba3 Ng6 15. b5 Ne8
16. b6 cxb6 17. cxb6 axb6 18. Qb3 h5 19. Rab1 g4 20. Nxb6 Qg5 21. Nxc8 Rxc8 22.
Kh1 Nh4 23. Rg1 Rf7 24. Nb5 Bf8 25. Bb4 Rg7 26. a4 Kh8 27. Qd3 Be7 28. a5 Kh7
29. Na3 Kh8 30. a6 bxa6 31. Qxa6 Rc7 32. Ba5 Rc5 33. Nc4 Bd8 34. Qa8 Bxa5 35.
Qxe8+ Kh7 36. fxg4 1-0

[Event "6MCR_4D_1L_1S"]
[Site "?"]
[Date "2004.??.??"]
[Round "?"]
[White "Soudny, Jiri"]
[Black "Hostinsky, Jiri"]
[Result "1-0"]
[WhiteElo "2277"]
[BlackElo "2412"]
[PlyCount "61"]
[EventDate "2004.??.??"]
[EventType "corr"]
[SourceDate "2004.06.03"]

1. d4 Nf6 2. c4 g6 3. Nc3 Bg7 4. e4 d6 5. Nf3 O-O 6. Be2 e5 7. O-O Nc6 8. d5
Ne7 9. b4 Nh5 10. Re1 a5 11. bxa5 Rxa5 12. Nd2 Nf4 13. Bf1 c5 14. a4 Ra6 15.
Ra3 g5 16. g3 Nh3+ 17. Bxh3 Bxh3 18. Qh5 Qd7 19. f3 g4 20. Nd1 gxf3 21. Nf2 Bg2
22. Nxf3 Bxf3 23. Rxf3 Rxa4 24. Bh6 Bxh6 25. Qxh6 f6 26. Rxf6 Rxf6 27. Qxf6 Ng6
28. Qg5 Qe7 29. Qh5 Kf8 30. Rf1 Ke8 31. Nh3 1-0

[Event "6MCR_4D_1L_1S"]
[Site "?"]
[Date "2004.??.??"]
[Round "?"]
[White "Soudny, Jiri"]
[Black "Janous, Petr"]
[Result "1-0"]
[WhiteElo "2277"]
[BlackElo "2270"]
[PlyCount "81"]
[EventDate "2004.??.??"]
[EventType "corr"]
[SourceDate "2004.06.03"]

1. d4 Nf6 2. c4 c5 3. d5 b5 4. cxb5 a6 5. bxa6 Bxa6 6. Nc3 d6 7. Nf3 g6 8. g3
Bg7 9. Bg2 Nbd7 10. Rb1 O-O 11. O-O Qa5 12. Bd2 Rfb8 13. Qc2 Ne8 14. Rfe1 Nc7
15. e4 Bc8 16. Bf1 Rb7 17. a4 Qa7 18. b3 Nf6 19. Nb5 Nxb5 20. Bxb5 Bg4 21. Kg2
Rab8 22. b4 cxb4 23. Rxb4 Rc8 24. Qd3 Nd7 25. Qe3 Nc5 26. Nd4 Bxd4 27. Qxd4 Bd7
28. h4 Bxb5 29. axb5 f6 30. h5 gxh5 31. Qc4 Rb6 32. Qe2 e5 33. Rh1 Rcb8 34. Be3
Qf7 35. Rxh5 R6b7 36. Rh6 f5 37. exf5 Qxd5+ 38. Kh2 Rf8 39. f6 Kh8 40. Rbh4
Rff7 41. Rg6 1-0

[Event "6MCR_4D_1L_1S"]
[Site "?"]
[Date "2004.??.??"]
[Round "?"]
[White "Soudny, Jiri"]
[Black "Straka, Zdenek"]
[Result "1/2-1/2"]
[WhiteElo "2275"]
[BlackElo "2395"]
[PlyCount "36"]
[EventDate "2004.??.??"]
[EventType "corr"]
[SourceDate "2004.06.03"]

1. d4 Nf6 2. c4 c5 3. d5 e6 4. Nc3 exd5 5. cxd5 d6 6. e4 g6 7. f4 Bg7 8. Bb5+
Nfd7 9. a4 O-O 10. Nf3 Na6 11. O-O Nc7 12. Bd3 Rb8 13. Be3 Nf6 14. Bf2 b6 15.
Bh4 Qd7 16. Bc4 Ba6 17. Bxa6 Nxa6 18. e5 Nh5 1/2-1/2

[Event "6MCR_4D_1L_1S"]
[Site "?"]
[Date "2004.??.??"]
[Round "?"]
[White "Soudny, Jiri"]
[Black "Vosahlik, Jiri"]
[Result "1/2-1/2"]
[WhiteElo "2277"]
[BlackElo "2330"]
[PlyCount "53"]
[EventDate "2004.??.??"]
[EventType "corr"]
[SourceDate "2004.06.03"]

1. e4 c5 2. Nf3 Nc6 3. d4 cxd4 4. Nxd4 Nf6 5. Nc3 d6 6. Bg5 e6 7. Qd2 a6 8.
O-O-O h6 9. Be3 Be7 10. f4 Bd7 11. Kb1 b5 12. Bd3 O-O 13. h3 Qc7 14. g4 Nxd4
15. Bxd4 b4 16. Ne2 e5 17. Be3 Bc6 18. Ng3 d5 19. fxe5 Nxe4 20. Bxe4 dxe4 21.
Nf5 Rad8 22. Bb6 Qxb6 23. Nxe7+ Kh8 24. Qf4 Qc5 25. Rd6 Rxd6 26. exd6 Rd8 27.
Nf5 1/2-1/2

[Event "6MCR_4D_1L_1S"]
[Site "?"]
[Date "2004.??.??"]
[Round "?"]
[White "Straka, Zdenek"]
[Black "Hala, Martin"]
[Result "1/2-1/2"]
[WhiteElo "2396"]
[BlackElo "2372"]
[PlyCount "49"]
[EventDate "2004.??.??"]
[EventType "corr"]
[SourceDate "2004.06.03"]

1. e4 e5 2. Nf3 Nc6 3. Bb5 f5 4. Nc3 fxe4 5. Nxe4 d5 6. Nxe5 dxe4 7. Nxc6 Qg5
8. Qe2 Nf6 9. f4 Qxf4 10. Ne5+ c6 11. d4 Qh4+ 12. g3 Qh3 13. Bc4 Be6 14. Bf4
Bd6 15. O-O-O O-O-O 16. Kb1 Rhe8 17. Rhf1 Re7 18. a4 Bc7 19. a5 Bxc4 20. Nxc4
Bxf4 21. Rxf4 Qe6 22. a6 b6 23. Ne3 Nd5 24. Nxd5 cxd5 25. Rdf1 1/2-1/2